|
|
|
|
| LEADER |
01214nam a22003132a 4500 |
| 001 |
001719932 |
| 003 |
CZ BrMZK |
| 005 |
20201103164957.0 |
| 007 |
ta |
| 008 |
191202s1972 xr af er|||||||||||cze d |
| 015 |
|
|
|a cnb000436422
|
| 035 |
|
|
|a (OCoLC)42182395
|
| 040 |
|
|
|a ABA001
|b cze
|c PNA001
|d ABA001
|d BOA001
|
| 080 |
|
|
|a 061.3 :327.323(234.572)"1922/1932"
|2 undef
|
| 100 |
1 |
|
|a Flégl, Emil,
|d 1902-1977
|7 jk01031386
|4 aut
|
| 245 |
1 |
0 |
|a Mezinárodní proletářské srazy v Krkonoších /
|c Emil Flégl ; k vyd. připr. a úvod naps. Jaroslav Metelka ; fot. Brigit Obluková
|
| 250 |
|
|
|a 1. vyd.
|
| 260 |
|
|
|a Hradec Králové :
|b Kruh,
|c 1972
|
| 300 |
|
|
|a 30 s., 8 s. fot. příl. ;
|c 4°
|
| 500 |
|
|
|a Souhrn do něm. přel. Věra Sehnoutková, do pol. Irena Kraśnicka a do ruš. Milada Trejbalová
|
| 500 |
|
|
|a Obálka: Arnošt Wagner
|
| 500 |
|
|
|a 2000 výt.
|
| 504 |
|
|
|a Obsahuje bibliografické odkazy
|
| 550 |
|
|
|a Vydavatel: Muzeum Podkrkonoší v Trutnově
|
| 710 |
2 |
|
|a Muzeum Podkrkonoší (Trutnov, Česko)
|7 kn20010709302
|
| 910 |
|
|
|a BOA001
|b X2-0682.729
|
| 990 |
|
|
|a BK
|
| 991 |
|
|
|b 201912
|
| 996 |
6 |
|
|b 2618840533
|c X2-0682.729
|l MZK
|r Sklad / do 24 hodin
|n 0
|w 001770854
|u 000010
|a 1
|e BOA001
|j MZK50
|s P
|